00785cpcaa2200241 4500001001300000003000400013005001700017008004100034010001700075040002400092072001200116100004900128245003800177300001400215506002200229545007900251546003600330580005700366656004000423656003000463656003300493999001700526mm 79001415 DLC20260227111636.0790521|||||||||||| eng  amm 79001415  aDLCcDLCedacsdDLC 7aN2lcmd1 aFloyd, John B.q(John Buchanan),d1806-1863.00aJohn B. Floyd papers,f1832-1861. a4fitems.0 aOpen to research.0 aGovernor of Virginia, U.S. secretary of war, and Confederate army officer. aCollection material in English. aForms part of: Miscellaneous Manuscripts collection. 7aArmy officers, Confederate.2itoamc 7aCabinet officers.2itoamc 7aGovernorszVirginia.2itoamc c40775d40775